[Event "3.Mansfelder Schloss-Open"]
[Site "Schloss Mansfeld"]
[Date "2018.07.20"]
[Round "4.2"]
[White "Baer, Soeren"]
[Black "Roeder, Phillip"]
[Result "1-0"]
[WhiteElo "2081"]
[BlackElo "2051"]
[PlyCount "97"]
[EventDate "2018.??.??"]

1. e4 c6 2. c4 d5 3. cxd5 cxd5 4. exd5 Qxd5 5. Nc3 Qa5 6. d4 e6 7. g3 Bd7 8.
Bg2 Bc6 9. Nf3 Nf6 10. O-O Nbd7 11. Re1 Be7 12. Bf4 Nd5 13. Bd2 Qb6 14. Rb1 Bf6
15. Bg5 Nxc3 16. bxc3 Qa5 17. Bxf6 gxf6 18. c4 O-O 19. d5 Ba4 20. Qd4 e5 21.
Qg4+ Kh8 22. Qf5 Qa6 23. Nd2 Nc5 24. Rb5 Bxb5 25. cxb5 Qb6 26. Ne4 Rg8 27. Nxf6
Rg7 28. Nh5 Rg6 29. Qxe5+ f6 30. Qf5 Qd6 31. Nf4 Rg5 32. Qb1 Re5 33. Rd1 Rae8
34. h4 Qe7 35. Kh2 Re1 36. Rxe1 Qxe1 37. Qf5 Qe5 38. Qg4 Rg8 39. Qd1 Qd6 40.
Qh5 Qd7 41. Bh3 Qxb5 42. Bf5 Rg7 43. d6 Qb2 44. Kg2 Qd4 45. d7 b6 46. Qe8+ Rg8
47. Qe7 Rxg3+ 48. fxg3 Qd2+ 49. Kh3 1-0

[Event "3.Mansfelder Schloss-Open"]
[Site "Schloss Mansfeld"]
[Date "2018.07.20"]
[Round "4.3"]
[White "Scheffner, Jarno"]
[Black "Groebel, Aaron"]
[Result "0-1"]
[WhiteElo "1692"]
[BlackElo "2087"]
[PlyCount "74"]
[EventDate "2018.??.??"]

1. e4 e5 2. Nf3 Nc6 3. Bb5 Nge7 4. c3 g6 5. d4 exd4 6. cxd4 d5 7. e5 Bg7 8. O-O
O-O 9. h3 a6 10. Ba4 b5 11. Bb3 Na5 12. Bg5 Nc4 13. Nc3 c6 14. Qc1 f6 15. exf6
Bxf6 16. Re1 Nf5 17. Bxf6 Qxf6 18. Qf4 h6 19. h4 Ra7 20. Bxc4 bxc4 21. Na4 Rg7
22. Qe5 Qd8 23. g3 Nd6 24. Qe3 Nf5 25. Qc3 Qf6 26. Rf1 Nd6 27. Ne1 Ne4 28. Qe3
g5 29. hxg5 hxg5 30. Nc3 Nd6 31. Kg2 Rh7 32. Rh1 Nf5 33. Qd2 Rxh1 34. Kxh1
Nxg3+ 35. fxg3 Qf1+ 36. Kh2 Qh3+ 37. Kg1 Rf1# 0-1

[Event "3.Mansfelder Schloss-Open"]
[Site "Schloss Mansfeld"]
[Date "2018.07.20"]
[Round "4.4"]
[White "Welz, Peter"]
[Black "Meiwes, Thore"]
[Result "0-1"]
[WhiteElo "2031"]
[BlackElo "1794"]
[PlyCount "102"]
[EventDate "2018.??.??"]

1. e4 g6 2. d4 Bg7 3. f4 d5 4. e5 Nh6 5. Nf3 O-O 6. Be2 f6 7. O-O fxe5 8. fxe5
Bg4 9. c3 c5 10. dxc5 e6 11. Nd4 Bxe2 12. Qxe2 Rxf1+ 13. Qxf1 Qd7 14. Nd2 Nc6
15. N2f3 Nf7 16. Bf4 Nfxe5 17. Nxe5 Nxe5 18. Qe2 Nf7 19. Bg3 e5 20. Qb5 Qxb5
21. Nxb5 Rc8 22. Nxa7 Rxc5 23. a4 Nd6 24. Bf2 d4 25. cxd4 exd4 26. Rd1 Rd5 27.
Rd3 Kf7 28. b4 Ke6 29. Bg3 Be5 30. Bxe5 Kxe5 31. Kf1 Ke6 32. Ke2 Kd7 33. Kf3
Kc7 34. Nb5+ Nxb5 35. axb5 Kb6 36. Ke4 Rd7 37. Rxd4 Rxd4+ 38. Kxd4 Kxb5 39. Kc3
g5 40. g4 Ka4 41. Kc4 b6 42. h3 h6 43. Kd5 Kxb4 44. Ke6 Kc5 45. Kf6 b5 46. Kg6
b4 47. Kxh6 b3 48. Kxg5 b2 49. h4 b1=Q 50. h5 Kd6 51. h6 Ke6 0-1

[Event "3.Mansfelder Schloss-Open"]
[Site "Schloss Mansfeld"]
[Date "2018.07.20"]
[Round "4.5"]
[White "Pikalow, Michael"]
[Black "Stanke, Achim"]
[Result "0-1"]
[WhiteElo "1543"]
[BlackElo "2012"]
[PlyCount "53"]
[EventDate "2018.??.??"]

1. e4 c6 2. d4 g6 3. Bc4 d5 4. Bd3 dxe4 5. Bxe4 Nf6 6. Bf3 h5 7. Bg5 Bg7 8. c3
Nbd7 9. Ne2 Nf8 10. Nd2 Ne6 11. Be3 Nd5 12. Qb3 Nxe3 13. fxe3 Bh6 14. c4 Qb6
15. Qxb6 axb6 16. Nf1 O-O 17. Nc3 f5 18. O-O-O Bg7 19. Kb1 Nd8 20. e4 Nf7 21.
e5 e6 22. Rd3 c5 23. d5 Nxe5 24. dxe6 Bxe6 25. Bxb7 Rad8 26. Bd5 Bxd5 27. cxd5
{nicht mehr rekonstruierbar} 0-1

[Event "3.Mansfelder Schloss-Open"]
[Site "Schloss Mansfeld"]
[Date "2018.07.20"]
[Round "4.6"]
[White "Hartogh, Christian"]
[Black "Leib, Britta"]
[Result "1-0"]
[WhiteElo "1906"]
[BlackElo "1872"]
[PlyCount "63"]
[EventDate "2018.??.??"]

1. e4 e6 2. d4 d5 3. Nc3 dxe4 4. Nxe4 Bd7 5. c4 Bc6 6. Nc3 Nf6 7. Be3 Be7 8.
Nf3 b6 9. Bd3 O-O 10. O-O Nbd7 11. Bc2 Bb7 12. Qe2 c5 13. Rad1 cxd4 14. Nxd4 a6
15. Rfe1 Qc7 16. Bg5 Rac8 17. Qe3 h6 18. Bf4 Qxc4 19. Bb3 Qc5 20. Na4 Qh5 21.
Nxe6 Rfe8 22. Qg3 fxe6 23. Bxe6+ Kh8 24. Rxd7 Nxd7 25. Bxd7 Bb4 26. Bxe8 Rxe8
27. Rxe8+ Qxe8 28. Be5 Qd7 29. h3 h5 30. Qf4 Bd2 31. Qf8+ Kh7 32. Nxb6 1-0

[Event "3.Mansfelder Schloss-Open"]
[Site "Schloss Mansfeld"]
[Date "2018.07.20"]
[Round "4.7"]
[White "Grosse-Honebrink, Brigitte"]
[Black "Schaefer, Konstantin"]
[Result "1-0"]
[WhiteElo "1903"]
[BlackElo "1544"]
[PlyCount "89"]
[EventDate "2018.??.??"]

1. d4 Nf6 2. Nf3 c5 3. c3 d5 4. Bf4 Nc6 5. e3 Bf5 6. Be2 Qb6 7. Qb3 c4 8. Qxb6
axb6 9. Nbd2 e6 10. O-O Be7 11. h3 O-O 12. Ne5 Rfd8 13. g4 Bc2 14. Rfc1 Be4 15.
g5 Ne8 16. Nxe4 dxe4 17. Nxc4 b5 18. Nd2 Bd6 19. Nxe4 Bxf4 20. exf4 b4 21. Bb5
bxc3 22. bxc3 Nd6 23. Bxc6 bxc6 24. Ng3 Rdb8 25. Rcb1 Nb5 26. Rb3 Na3 27. Ne4
Kf8 28. Nc5 Ke7 29. Rd1 Rb5 30. Rc1 Kd6 31. c4 Rxb3 32. axb3 Rb8 33. Ne4+ Ke7
34. Nd2 Rb7 35. Rc3 Rc7 36. Kg2 Kd6 37. Rc1 f5 38. Kf3 c5 39. Ke3 Kc6 40. Kd3
cxd4 41. Kxd4 Rd7+ 42. Kc3 Kc5 43. Re1 Ra7 44. b4+ Kb6 45. Kb2 1-0

[Event "3.Mansfelder Schloss-Open"]
[Site "Schloss Mansfeld"]
[Date "2018.07.20"]
[Round "4.8"]
[White "Kaschuba, Juergen"]
[Black "Hering, Sven"]
[Result "0-1"]
[WhiteElo "1745"]
[BlackElo "1903"]
[PlyCount "68"]
[EventDate "2018.??.??"]

1. Nc3 d5 2. e4 d4 3. Nce2 e5 4. Nf3 f6 5. Ng3 Be6 6. Bb5+ Nd7 7. Bxd7+ Qxd7 8.
d3 Bd6 9. O-O Ne7 10. h3 O-O-O 11. Nh2 g5 12. Nh5 Rdf8 13. Ng4 Ng8 14. f3 Qf7
15. Ng3 h5 16. Nh2 Nh6 17. Bd2 Rfg8 18. Nh1 g4 19. fxg4 hxg4 20. h4 Qh5 21. g3
f5 22. Bxh6 Rxh6 23. exf5 Bxf5 24. Qe2 Qg6 25. Rae1 Rh7 26. Nf2 Rxh4 27. Ne4
Rh3 28. Kg2 Rgh8 29. Rh1 Qh7 30. Nxg4 Rxh1 31. Rxh1 Qxh1+ 32. Kf2 Rf8 33. Nxd6+
cxd6 34. Qf3 Qh8 0-1

[Event "3.Mansfelder Schloss-Open"]
[Site "Schloss Mansfeld"]
[Date "2018.07.20"]
[Round "4.9"]
[White "Suliga, Eckhard"]
[Black "Krneta, Slavko"]
[Result "1-0"]
[WhiteElo "1722"]
[BlackElo "1818"]
[PlyCount "74"]
[EventDate "2018.??.??"]

1. e4 e6 2. d4 d5 3. Nc3 Nf6 4. Bg5 Be7 5. e5 Nfd7 6. Bxe7 Qxe7 7. f4 Qb4 8. a3
Qe7 9. Nf3 a6 10. Bd3 c5 11. dxc5 Nxc5 12. O-O Bd7 13. Kh1 g6 14. b4 Nxd3 15.
cxd3 b5 16. Re1 Bc6 17. Rc1 Bb7 18. Ne2 Bc6 19. Rc3 Qb7 20. Ned4 Bd7 21. Qd2
Qb6 22. Rec1 O-O 23. Rc7 Ra7 24. Rxa7 Qxa7 25. Rc5 Rc8 26. Qc3 Rxc5 27. Qxc5
Qxc5 28. bxc5 Kf8 29. Kg1 Ke7 30. Kf2 Be8 31. Ke3 Kd7 32. Kd2 Kc7 33. Kc3 Kb7
34. Kb4 Nd7 35. c6+ Kb6 36. cxd7 a5+ 37. Kc3 Bxd7 1-0

[Event "3.Mansfelder Schloss-Open"]
[Site "Schloss Mansfeld"]
[Date "2018.07.20"]
[Round "4.10"]
[White "Prior, Benjamin"]
[Black "Bachmann, Sylvia"]
[Result "1-0"]
[WhiteElo "1801"]
[BlackElo "1715"]
[PlyCount "57"]
[EventDate "2018.??.??"]

1. e4 e5 2. Nf3 d6 3. d4 exd4 4. Nxd4 Nf6 5. Nc3 Be7 6. Bc4 O-O 7. O-O Nbd7 8.
h3 Ne5 9. Bb3 Bd7 10. a4 Qc8 11. f4 Ng6 12. Qe2 c5 13. Nf5 Bxf5 14. exf5 Qxf5
15. Qf3 Rab8 16. Be3 b6 17. g4 Qc8 18. Bc4 Rd8 19. g5 Nd7 20. Nd5 Bf8 21. Qh5
Nh8 22. Bd2 g6 23. Qh4 Re8 24. Rae1 Qd8 25. Bc3 Bg7 26. Rxe8+ Qxe8 27. Bxg7
Kxg7 28. Qh6+ Kg8 29. Nf6+ 1-0

[Event "3.Mansfelder Schloss-Open"]
[Site "Schloss Mansfeld"]
[Date "2018.07.21"]
[Round "5.1"]
[White "Glienke, Manfred"]
[Black "Baer, Soeren"]
[Result "0-1"]
[WhiteElo "2250"]
[BlackElo "2081"]
[PlyCount "76"]
[EventDate "2018.??.??"]

1. c4 e5 2. Nc3 Nf6 3. g3 d5 4. cxd5 Nxd5 5. Bg2 Nb6 6. Nf3 Nc6 7. O-O Be7 8.
a3 O-O 9. b4 Re8 10. d3 Bf8 11. Bb2 a5 12. b5 Nd4 13. Rc1 a4 14. e3 Nb3 15. Rb1
Bf5 16. e4 Bg4 17. h3 Bxf3 18. Bxf3 Nd4 19. Bg2 Ra5 20. f4 exf4 21. gxf4 Nxb5
22. Kh1 Nxa3 23. Ra1 Nb5 24. Nxa4 Nxa4 25. Rxa4 Rxa4 26. Qxa4 Qxd3 27. e5 c6
28. f5 Qe2 29. Qb3 Rxe5 30. Bxe5 Qxe5 31. Qa4 Bd6 32. Qa8+ Bb8 33. Kg1 Qh2+ 34.
Kf2 Qg3+ 35. Kg1 Qh2+ 36. Kf2 Qg3+ 37. Kg1 Nd4 38. Rd1 Qh2+ 0-1

[Event "3.Mansfelder Schloss-Open"]
[Site "Schloss Mansfeld"]
[Date "2018.07.21"]
[Round "5.2"]
[White "Stanke, Achim"]
[Black "Peschel, Andreas"]
[Result "1-0"]
[WhiteElo "2012"]
[BlackElo "2172"]
[PlyCount "70"]
[EventDate "2018.??.??"]

1. d4 d5 2. Nf3 Nf6 3. c4 c6 4. Nc3 e6 5. g3 Nbd7 6. Bg2 dxc4 7. a4 a5 8. e4
Bb4 9. Qc2 O-O 10. O-O h6 11. Rd1 Nb6 12. h3 Nfd7 13. Ne2 Qe7 14. Nd2 c5 15.
Nxc4 Nxc4 16. Qxc4 e5 17. d5 Qd6 18. Be3 Nb6 19. Qc2 Bd7 20. f4 f6 21. Kh2 Rac8
22. Ng1 c4 23. Nf3 Bc5 24. Bd2 c3 25. fxe5 fxe5 26. Bxc3 Nc4 27. Qd3 Rxf3 28.
Bxf3 Rf8 29. Re1 Qg6 30. Re2 b5 31. Rd1 Qg5 32. Bd2 Qe7 33. b3 Nd6 34. Bxa5
bxa4 35. bxa4 Bxa4 {nicht mehr rekontruierbar} 1-0

[Event "3.Mansfelder Schloss-Open"]
[Site "Schloss Mansfeld"]
[Date "2018.07.21"]
[Round "5.3"]
[White "Groebel, Aaron"]
[Black "Meiwes, Thore"]
[Result "1-0"]
[WhiteElo "2087"]
[BlackElo "1794"]
[PlyCount "67"]
[EventDate "2018.??.??"]

1. e4 c6 2. d4 d5 3. exd5 cxd5 4. Bd3 Nc6 5. c3 Nf6 6. Nf3 Bg4 7. h3 Bh5 8. O-O
e6 9. Re1 Bd6 10. Nbd2 O-O 11. g4 Bg6 12. Bxg6 hxg6 13. Ne5 Qc7 14. f4 b5 15.
Ndf3 Nd7 16. Qe2 b4 17. Bd2 bxc3 18. Bxc3 Ndxe5 19. fxe5 Be7 20. Rac1 Rfc8 21.
h4 Qd8 22. Qf2 Rab8 23. Rf1 Qe8 24. a3 a6 25. Kg2 Na7 26. Ng5 Nb5 27. Bb4 Bxb4
28. axb4 Rxc1 29. Rxc1 Rb7 30. h5 gxh5 31. Rh1 Qe7 32. Rxh5 Qxb4 33. Qc2 Rc7
34. Rh8+ 1-0

[Event "3.Mansfelder Schloss-Open"]
[Site "Schloss Mansfeld"]
[Date "2018.07.21"]
[Round "5.4"]
[White "Roeder, Phillip"]
[Black "Prior, Benjamin"]
[Result "1/2-1/2"]
[WhiteElo "2051"]
[BlackElo "1801"]
[PlyCount "84"]
[EventDate "2018.??.??"]

1. Nc3 d5 2. e4 d4 3. Nce2 e5 4. Ng3 Nf6 5. Nf3 Bd6 6. Bc4 O-O 7. d3 Nc6 8. a3
Ne7 9. Bg5 Ng6 10. Nh5 Be7 11. Ng3 Nd5 12. Bxe7 Ndxe7 13. h3 c5 14. Qd2 Qd6 15.
Qg5 h6 16. Qh5 b5 17. Ba2 Ba6 18. Nh4 Nxh4 19. Qxh4 c4 20. O-O Rac8 21. b4 Rc7
22. Ne2 Ng6 23. Qh5 Bc8 24. g3 f5 25. f4 exf4 26. Nxf4 Nxf4 27. Rxf4 fxe4 28.
Rxf8+ Qxf8 29. Rf1 Rf7 30. Qd5 Bb7 31. Qe6 Qe7 32. Qxf7+ Qxf7 33. Rxf7 Kxf7 34.
dxc4 bxc4 35. Bxc4+ Kf6 36. Kf2 Ke5 37. h4 g5 38. hxg5 hxg5 39. Bf1 Bd5 40. Ke2
Ba2 41. Kd2 Bd5 42. c4 e3+ {nicht mehr rekonstruierbar} 1/2-1/2

[Event "3.Mansfelder Schloss-Open"]
[Site "Schloss Mansfeld"]
[Date "2018.07.21"]
[Round "5.5"]
[White "Hering, Sven"]
[Black "Hartogh, Christian"]
[Result "0-1"]
[WhiteElo "1903"]
[BlackElo "1906"]
[PlyCount "42"]
[EventDate "2018.??.??"]

1. e4 c5 2. Nc3 a6 3. g3 b5 4. Bg2 Bb7 5. Nge2 e6 6. O-O d6 7. d3 Nf6 8. f4 b4
9. Nb1 Qc7 10. Nd2 Nbd7 11. b3 Be7 12. Bb2 O-O 13. Nf3 d5 14. Ne5 dxe4 15. dxe4
Rad8 16. Qd3 Nxe5 17. Bxe5 Rxd3 18. Bxc7 Rd2 19. e5 Bxg2 20. exf6 Bxf6 21. Kxg2
Rxe2+ 0-1

[Event "3.Mansfelder Schloss-Open"]
[Site "Schloss Mansfeld"]
[Date "2018.07.21"]
[Round "5.6"]
[White "Wang, Ruiming"]
[Black "Grosse-Honebrink, Brigitte"]
[Result "1/2-1/2"]
[WhiteElo "1689"]
[BlackElo "1903"]
[PlyCount "43"]
[EventDate "2018.??.??"]

1. e4 e6 2. d4 d5 3. Nc3 Nf6 4. e5 Nfd7 5. f4 c5 6. Nf3 Nc6 7. Be3 cxd4 8. Nxd4
Bb4 9. Qd2 Qa5 10. Nb3 Bxc3 11. bxc3 Qc7 12. Bd3 Nb6 13. Nd4 a6 14. Nxc6 Qxc6
15. Bd4 Nc4 16. Qe2 Nb2 17. O-O Nxd3 18. cxd3 Bd7 19. a4 b5 20. axb5 axb5 21.
Rxa8+ Qxa8 22. Bc5 1/2-1/2

[Event "3.Mansfelder Schloss-Open"]
[Site "Schloss Mansfeld"]
[Date "2018.07.21"]
[Round "5.7"]
[White "Welz, Peter"]
[Black "Suliga, Eckhard"]
[Result "1-0"]
[WhiteElo "2031"]
[BlackElo "1722"]
[PlyCount "41"]
[EventDate "2018.??.??"]

1. e4 e5 2. Nf3 Nc6 3. d4 exd4 4. Nxd4 Nf6 5. Nxc6 bxc6 6. Bd3 d5 7. e5 Ng4 8.
O-O Bc5 9. Qe2 Qe7 10. b4 Bb6 11. Bb2 Qxb4 12. c4 Qe7 13. cxd5 cxd5 14. Bb5+
Bd7 15. Bxd7+ Qxd7 16. h3 Nh6 17. a4 a5 18. Nc3 c6 19. Ba3 O-O-O 20. Rab1 Ba7
21. Qa6+ 1-0

[Event "3.Mansfelder Schloss-Open"]
[Site "Schloss Mansfeld"]
[Date "2018.07.21"]
[Round "5.8"]
[White "Markus, Roland"]
[Black "Schmidt, Alexander"]
[Result "0-1"]
[WhiteElo "1659"]
[BlackElo "1961"]
[PlyCount "108"]
[EventDate "2018.??.??"]

1. e4 c5 2. c3 d5 3. exd5 Qxd5 4. d4 Nc6 5. Nf3 Bg4 6. Be2 e6 7. Na3 Nf6 8. O-O
a6 9. Nc2 cxd4 10. Nfxd4 Bxe2 11. Qxe2 Nxd4 12. Nxd4 Bc5 13. Be3 O-O 14. Rfd1
Qe5 15. Nf3 Qc7 16. Bxc5 Qxc5 17. Qe5 Qxe5 18. Nxe5 Rfd8 19. Kf1 Kf8 20. Ke2
Ke7 21. Rxd8 Rxd8 22. Rd1 Rxd1 23. Kxd1 Ne4 24. Ke2 f6 25. Nd3 Kd6 26. Ke3 f5
27. f3 Nf6 28. Kd4 g5 29. a4 g4 30. a5 h5 31. c4 h4 32. c5+ Ke7 33. Ne5 h3 34.
gxh3 gxh3 35. Ng6+ Kd7 36. Nf4 Kc6 37. Kc4 Nd5 38. Nxe6 Ne3+ 39. Kb4 Nf1 40.
Ng5 Nxh2 41. f4 Kd5 42. Nxh3 Nf3 43. Ng5 Nxg5 44. fxg5 f4 45. Kc3 Ke5 46. g6
Kf6 47. g7 Kxg7 48. Kd3 Kf6 49. Ke4 Kg5 50. Kf3 Kf5 51. b4 Ke5 52. b5 axb5 53.
c6 Kd6 54. cxb7 Kc7 0-1

[Event "3.Mansfelder Schloss-Open"]
[Site "Schloss Mansfeld"]
[Date "2018.07.21"]
[Round "5.9"]
[White "Leib, Britta"]
[Black "Pikalow, Michael"]
[Result "1-0"]
[WhiteElo "1872"]
[BlackElo "1543"]
[PlyCount "53"]
[EventDate "2018.??.??"]

1. e4 c5 2. Nf3 d6 3. d4 cxd4 4. Nxd4 Nf6 5. Nc3 g6 6. Be3 Bg7 7. f3 O-O 8. Qd2
Nc6 9. O-O-O d5 10. Nxc6 bxc6 11. exd5 Nxd5 12. Nxd5 cxd5 13. Qxd5 Qc7 14. Qc5
Qb7 15. Bd4 Bh6+ 16. Kb1 Rd8 17. Bc4 Kf8 18. Bg7+ Kxg7 19. Rxd8 Bf5 20. Bd5
Rxd8 21. Bxb7 Rd2 22. Be4 Be6 23. Qe5+ Kg8 24. g4 Be3 25. Bxg6 hxg6 26. Qxe3
Rd7 27. h4 1-0

[Event "3.Mansfelder Schloss-Open"]
[Site "Schloss Mansfeld"]
[Date "2018.07.21"]
[Round "5.10"]
[White "Prudlik, Elisa"]
[Black "Steudner, Reinhold"]
[Result "0-1"]
[WhiteElo "1348"]
[BlackElo "1856"]
[PlyCount "92"]
[EventDate "2018.??.??"]

1. e4 d6 2. d4 Nf6 3. Nc3 g6 4. f4 Bg7 5. a3 c5 6. dxc5 Qa5 7. b4 Qc7 8. Bd3
dxc5 9. e5 Nfd7 10. Nd5 Qd8 11. Be3 e6 12. Nc3 a6 13. Ne4 O-O 14. Nxc5 Nxc5 15.
Bxc5 Re8 16. Nf3 Nc6 17. O-O b6 18. Bd6 Bb7 19. c4 Bf8 20. b5 axb5 21. cxb5 Na5
22. Bxf8 Rxf8 23. Be2 Qe7 24. Qd6 Qxd6 25. exd6 Rfd8 26. Rfd1 Bd5 27. Nd2 Rxd6
28. Bf3 Bxf3 29. Nxf3 Nc4 30. Ne5 Rxd1+ 31. Rxd1 Nxe5 32. fxe5 Kf8 33. Ra1 Ke7
34. a4 f6 35. exf6+ Kxf6 36. Kf2 Ke5 37. Ke3 Kd5 38. Rd1+ Kc5 39. Rd4 Ra7 40.
Ke4 Rf7 41. Ke3 e5 42. Re4 Kd5 43. g3 Rf1 44. Rh4 h5 45. g4 Rf4 46. h3 Rb4 0-1

[Event "3.Mansfelder Schloss-Open"]
[Site "Schloss Mansfeld"]
[Date "2018.07.21"]
[Round "6.1"]
[White "Baer, Soeren"]
[Black "Groebel, Aaron"]
[Result "1/2-1/2"]
[WhiteElo "2081"]
[BlackElo "2087"]
[PlyCount "27"]
[EventDate "2018.??.??"]

1. Nf3 Nf6 2. g3 g6 3. Bg2 Bg7 4. O-O c5 5. c4 O-O 6. d4 cxd4 7. Nxd4 Nc6 8.
Nc2 d6 9. Nc3 Be6 10. b3 Rc8 11. Bb2 a6 12. Nd5 Bxd5 13. cxd5 Ne5 14. h3
1/2-1/2

[Event "3.Mansfelder Schloss-Open"]
[Site "Schloss Mansfeld"]
[Date "2018.07.21"]
[Round "6.2"]
[White "Hartogh, Christian"]
[Black "Stanke, Achim"]
[Result "1-0"]
[WhiteElo "1906"]
[BlackElo "2012"]
[PlyCount "127"]
[EventDate "2018.??.??"]

1. e4 c6 2. d4 g6 3. Nc3 d5 4. Nf3 Bg7 5. h3 Nh6 6. Bf4 f6 7. exd5 cxd5 8. Nb5
Na6 9. c4 Nf7 10. cxd5 Qxd5 11. Nc3 Qf5 12. Bb5+ Bd7 13. Bxd7+ Qxd7 14. O-O O-O
15. Qb3 e6 16. Rfe1 Rfe8 17. Re2 Re7 18. Rae1 Rae8 19. Nb5 b6 20. Rc2 Rc8 21.
Rxc8+ Qxc8 22. Qa3 Bf8 23. Rc1 Qb7 24. Nd6 Nxd6 25. Bxd6 Re8 26. Bxf8 Rxf8 27.
Qd6 Re8 28. b4 Qe7 29. Qxe7 Rxe7 30. b5 Nc7 31. a4 Kf7 32. Kf1 Nd5 33. g3 a6
34. bxa6 Ra7 35. Ke2 Rxa6 36. Rc4 Ra5 37. Kd3 Ke7 38. Nd2 b5 39. axb5 Rxb5 40.
Ra4 Rb7 41. Ra8 Kd7 42. Ne4 Kc6 43. Nc5 Re7 44. Ra6+ Nb6 45. Na4 Rb7 46. d5+
exd5 47. Kd4 Kb5 48. Rxb6+ Rxb6 49. Nxb6 Kxb6 50. Kxd5 f5 51. Ke5 Kc5 52. Kf6
Kd4 53. Kg7 Ke4 54. Kxh7 g5 55. Kg6 g4 56. hxg4 fxg4 57. Kg5 Kf3 58. Kf5 Kxf2
59. Kxg4 Ke3 60. Kf5 Kf3 61. g4 Kg3 62. g5 Kh4 63. g6 Kh5 64. g7 1-0

[Event "3.Mansfelder Schloss-Open"]
[Site "Schloss Mansfeld"]
[Date "2018.07.21"]
[Round "6.3"]
[White "Steudner, Reinhold"]
[Black "Glienke, Manfred"]
[Result "0-1"]
[WhiteElo "1856"]
[BlackElo "2250"]
[PlyCount "114"]
[EventDate "2018.??.??"]

1. d4 Nf6 2. Nc3 d5 3. Bg5 Nbd7 4. Nf3 e6 5. e4 dxe4 6. Nxe4 Be7 7. Bxf6 Nxf6
8. Bd3 Nxe4 9. Bxe4 c5 10. c3 Qb6 11. Qc2 h6 12. O-O-O O-O 13. Kb1 a5 14. h4 a4
15. Ng5 f5 16. dxc5 Qxc5 17. Bd3 hxg5 18. hxg5 Bxg5 19. g4 b5 20. Rh5 Bf4 21.
gxf5 exf5 22. Be4 Be6 23. Bxa8 Rxa8 24. Rdh1 Rc8 25. Qe2 Qc4 26. Rh8+ Kf7 27.
Qh5+ Kf6 28. Qh4+ Bg5 29. Qxc4 Rxc4 30. Rf8+ Ke7 31. Rb8 Bd5 32. Rg1 Rg4 33.
Re1+ Be4+ 34. Ka1 Bd2 35. Rd1 Bf3 36. Rb1 Be2 37. Rb7+ Kd6 38. Rb8 Kc7 39. Re8
Re4 40. Rf8 g6 41. Rf7+ Kd6 42. Rf6+ Re6 43. Rf8 Kc7 44. Rf7+ Kc6 45. Rh7 Bh5
46. a3 Re1 47. Rh8 Rxb1+ 48. Kxb1 Be1 49. Rc8+ Kb7 50. Rf8 Bxf2 51. Kc2 Bg3 52.
b3 axb3+ 53. Kxb3 f4 54. Kb4 Be2 55. Rf7+ Kc8 56. a4 bxa4 57. Kxa4 f3 0-1

[Event "3.Mansfelder Schloss-Open"]
[Site "Schloss Mansfeld"]
[Date "2018.07.21"]
[Round "6.4"]
[White "Peschel, Andreas"]
[Black "Leib, Britta"]
[Result "1/2-1/2"]
[WhiteElo "2172"]
[BlackElo "1872"]
[PlyCount "76"]
[EventDate "2018.??.??"]

1. d4 Nf6 2. c4 e6 3. Nf3 d5 4. g3 b6 5. Bg2 Bb7 6. O-O Be7 7. Nc3 O-O 8. Qc2
Nbd7 9. Rd1 Qc8 10. Bf4 dxc4 11. e4 Rd8 12. d5 exd5 13. exd5 a6 14. Qe2 Bd6 15.
Qxc4 Bxf4 16. Qxf4 Nf8 17. Ne5 Ng6 18. Nxg6 hxg6 19. Rac1 Qd7 20. d6 cxd6 21.
Bxb7 Qxb7 22. Rxd6 Rxd6 23. Qxd6 Re8 24. Qf4 Qc6 25. a4 Qe6 26. Kg2 Qb3 27. Qd2
Re5 28. Qd4 Re8 29. Nb1 Re2 30. Rc8+ Kh7 31. Qh4+ Nh5 32. Qd8 Kh6 33. h4 Nf6
34. Qd6 Kh7 35. Qb8 Qd5+ 36. Kf1 Qd1+ 37. Kg2 Qd5+ 38. Kf1 Qd1+ 1/2-1/2

[Event "3.Mansfelder Schloss-Open"]
[Site "Schloss Mansfeld"]
[Date "2018.07.21"]
[Round "6.5"]
[White "Meiwes, Thore"]
[Black "Roeder, Phillip"]
[Result "1-0"]
[WhiteElo "1794"]
[BlackElo "2051"]
[PlyCount "147"]
[EventDate "2018.??.??"]

1. d4 Nf6 2. Bf4 d5 3. e3 c6 4. c4 Bf5 5. Nc3 Qa5 6. Qb3 b6 7. Nf3 e6 8. Nd2
Qb4 9. Qxb4 Bxb4 10. Rc1 Nh5 11. Be5 Nd7 12. h3 Nhf6 13. Bh2 Ke7 14. f3 Bg6 15.
a3 Bd6 16. Bxd6+ Kxd6 17. e4 e5 18. dxe5+ Kxe5 19. cxd5 cxd5 20. exd5 Nxd5 21.
Nc4+ Ke6 22. Nxd5 Kxd5 23. Ne3+ Kd4 24. Kf2 Ke5 25. Bb5 Nc5 26. Ng4+ Kd6 27.
Rhd1+ Ke7 28. b4 Ne6 29. Rd7+ Kf8 30. Ne5 f6 31. Nxg6+ hxg6 32. Re1 Rh5 33. Bc6
Re8 34. Rxa7 Re7 35. Bd7 Re5 36. Rxe5 fxe5 37. Ra8+ Kf7 38. Bxe6+ Rxe6 39. Ra7+
Kf6 40. Ra6 Kf5 41. a4 Rf6 42. Kg3 Rf7 43. Rxb6 e4 44. Rb5+ Kf6 45. Kf2 e3+ 46.
Ke2 Ra7 47. a5 Ke6 48. g3 Kd6 49. Rb6+ Kd5 50. Rxg6 Kd4 51. Rd6+ Kc4 52. a6
Kxb4 53. Rd3 Rxa6 54. Kxe3 Kc4 55. Rd4+ Kc5 56. Re4 Kd5 57. h4 Rf6 58. h5 Rf8
59. g4 Kd6 60. Kf2 Kd5 61. Kg3 Kd6 62. g5 Rh8 63. Kg4 Kd7 64. f4 Kd6 65. g6 Rb8
66. Kg5 Rb1 67. Re8 Rg1+ 68. Kf5 Rh1 69. Rh8 Ke7 70. h6 Rxh6 71. Rxh6 gxh6 72.
Kg4 Kf6 73. Kh5 Kg7 74. f5 1-0

[Event "3.Mansfelder Schloss-Open"]
[Site "Schloss Mansfeld"]
[Date "2018.07.21"]
[Round "6.6"]
[White "Prior, Benjamin"]
[Black "Welz, Peter"]
[Result "1-0"]
[WhiteElo "1801"]
[BlackElo "2031"]
[PlyCount "113"]
[EventDate "2018.??.??"]

1. e4 e6 2. d4 d5 3. Nd2 c5 4. exd5 exd5 5. Ngf3 Bd6 6. dxc5 Bxc5 7. Nb3 Bb6 8.
Bd3 Ne7 9. O-O Nbc6 10. c3 O-O 11. Re1 h6 12. Nbd4 Bg4 13. h3 Bh5 14. Qc2 a6
15. a4 Bc7 16. g4 Bg6 17. Nf5 Nxf5 18. Bxf5 Qf6 19. Be3 Bxf5 20. Qxf5 Qxf5 21.
gxf5 f6 22. Rad1 Rad8 23. Bc5 Rf7 24. Nd4 Nxd4 25. Bxd4 Rfd7 26. Re6 Rd6 27.
Rde1 R8d7 28. Bc5 Rc6 29. Rxc6 bxc6 30. Re6 Be5 31. Rxc6 d4 32. cxd4 Bxd4 33.
Bxd4 Rxd4 34. Rxa6 Rb4 35. Ra8+ Kf7 36. Ra7+ Kf8 37. Kg2 Rxb2 38. Kg3 Ra2 39.
a5 Ke8 40. a6 Ra5 41. Ra8+ Kf7 42. a7 h5 43. Kh4 Ra3 44. f3 Ra5 45. f4 Ra3 46.
Kxh5 Rxh3+ 47. Kg4 Ra3 48. Kh4 Ra1 49. Kg3 Rg1+ 50. Kf3 Rf1+ 51. Ke3 Re1+ 52.
Kd2 Re7 53. Kc3 g5 54. Rf8+ Kxf8 55. a8=Q+ Kf7 56. fxg5 Re3+ 57. Kd4 1-0

[Event "3.Mansfelder Schloss-Open"]
[Site "Schloss Mansfeld"]
[Date "2018.07.21"]
[Round "6.7"]
[White "Schmidt, Alexander"]
[Black "Wang, Ruiming"]
[Result "1-0"]
[WhiteElo "1961"]
[BlackElo "1689"]
[PlyCount "71"]
[EventDate "2018.??.??"]

1. e4 c5 2. Nf3 d6 3. d4 cxd4 4. Nxd4 Nf6 5. Nc3 g6 6. Be3 Bg7 7. f3 O-O 8. Qd2
Nc6 9. g4 Nxd4 10. Bxd4 Be6 11. g5 Nh5 12. Bxg7 Nxg7 13. Nd5 Rc8 14. O-O-O Rc5
15. Kb1 Ne8 16. h4 f5 17. h5 gxh5 18. g6 Ng7 19. Qg5 Bxd5 20. exd5 hxg6 21.
Qxg6 Rf6 22. Qg5 Qe8 23. Rg1 Qf7 24. Rd2 Kf8 25. Rdg2 Ne8 26. f4 Qh7 27. Be2
Rh6 28. Qh4 e5 29. dxe6 Rxe6 30. Rg5 Rh6 31. Rg8+ Kf7 32. Qd8 Re6 33. b4 Rc7
34. Rxe8 Rxe8 35. Qxc7+ Re7 36. Bc4+ 1-0

[Event "3.Mansfelder Schloss-Open"]
[Site "Schloss Mansfeld"]
[Date "2018.07.21"]
[Round "6.8"]
[White "Scheffner, Jarno"]
[Black "Grosse-Honebrink, Brigitte"]
[Result "1-0"]
[WhiteElo "1692"]
[BlackElo "1903"]
[PlyCount "101"]
[EventDate "2018.??.??"]

1. c4 e6 2. g3 d5 3. Bg2 Nf6 4. Nf3 Be7 5. O-O O-O 6. b3 Nbd7 7. Bb2 c5 8. cxd5
Nxd5 9. d4 b6 10. Nc3 Bb7 11. Rc1 Rc8 12. Qd3 cxd4 13. Nxd5 Bxd5 14. Bxd4 Nc5
15. Qe3 Bxf3 16. exf3 Bd6 17. Rfd1 Qe7 18. Bxg7 Kxg7 19. Qd4+ Qf6 20. Qxf6+
Kxf6 21. Rxd6 Rfd8 22. Rcd1 Ke7 23. Rxd8 Rxd8 24. Rxd8 Kxd8 25. f4 Kc7 26. Kf1
Nd3 27. Be4 Nc1 28. Bxh7 Nxa2 29. h4 Kd6 30. Ke1 Nc1 31. Bc2 Na2 32. Kd2 Nb4
33. Kc3 Nd5+ 34. Kd4 Ke7 35. f5 Kf6 36. fxe6 Kxe6 37. Bf5+ Kd6 38. h5 Ne7 39.
g4 f6 40. h6 Nc6+ 41. Kc4 Ne5+ 42. Kb5 Nf7 43. h7 Nh8 44. Ka6 Kc5 45. Kxa7 b5
46. f4 Kd4 47. Kb6 b4 48. Kb5 Kc3 49. Be6 Ng6 50. g5 fxg5 51. fxg5 1-0